[Event "4NCL Division 4 South"]
[Site "Daventry, ENG"]
[Date "2019.05.06"]
[Round "11.111"]
[White "Coburn, Joseph A"]
[Black "Wilks, Simon"]
[Result "0-1"]
[WhiteElo "1776"]
[BlackElo "2147"]
[PlyCount "92"]
[EventDate "2019.05.06"]
[WhiteTeam "Wessex C"]
[BlackTeam "All Anands on Deck"]

1. d4 Nf6 2. c4 e6 3. Nf3 Bb4+ 4. Bd2 Qe7 5. a3 Bxd2+ 6. Nbxd2 d6 7. e3 Nc6 8.
Be2 O-O 9. O-O e5 10. d5 Nb8 11. Rc1 a5 12. b4 Na6 13. Qb3 axb4 14. axb4 c6 15.
e4 c5 16. Ra1 cxb4 17. Ra5 Nc5 18. Qxb4 Rxa5 19. Qxa5 Nfxe4 20. Rb1 Qd8 21.
Qxd8 Rxd8 22. Nxe4 Nxe4 23. Rb6 h6 24. Bd3 Nc5 25. Bc2 Kf8 26. h4 Ke7 27. h5
Kd7 28. Rb5 e4 29. Ne5+ Ke7 30. f3 exf3 31. gxf3 Bd7 32. Nxd7 Kxd7 33. Kf2 Ra8
34. Bf5+ Kc7 35. Rb2 Ra1 36. Bh7 Rh1 37. Re2 Rh2+ 38. Ke3 Rxe2+ 39. Kxe2 Nd7
40. Ke3 Nf6 41. Bf5 Nxh5 42. Kd4 b6 43. Kc3 Kd8 44. Kb4 Kc7 45. Kb5 Nf4 46. Bh7
h5 0-1

[Event "4NCL Division 4 South"]
[Site "Daventry, ENG"]
[Date "2019.05.06"]
[Round "11.112"]
[White "Waller, Dan"]
[Black "Chilton, James I"]
[Result "1-0"]
[WhiteElo "2057"]
[BlackElo "1747"]
[PlyCount "59"]
[EventDate "2019.05.06"]
[WhiteTeam "All Anands on Deck"]
[BlackTeam "Wessex C"]

1. e4 c5 2. Nf3 e6 3. d4 cxd4 4. Nxd4 a6 5. c4 Nc6 6. Nc3 Qc7 7. Be2 Nf6 8. O-O
Bd6 9. g3 h5 10. Ndb5 axb5 11. Nxb5 Qb8 12. Nxd6+ Ke7 13. c5 h4 14. Qd3 Ra5 15.
Be3 hxg3 16. fxg3 b6 17. Nc4 Rxc5 18. Bxc5+ bxc5 19. Bf3 Ba6 20. b3 Ne5 21. Qc3
Ng6 22. Qe3 Qc7 23. e5 Nh7 24. Rae1 f6 25. exf6+ gxf6 26. Qh6 Nhf8 27. Qg7+ Ke8
28. Be4 Bb7 29. Bxg6+ Nxg6 30. Qxg6+ 1-0

[Event "4NCL Division 4 South"]
[Site "Daventry, ENG"]
[Date "2019.05.06"]
[Round "11.113"]
[White "Deacon, David J"]
[Black "Penna, Tommaso"]
[Result "0-1"]
[WhiteElo "1635"]
[BlackElo "2012"]
[PlyCount "58"]
[EventDate "2019.05.06"]
[WhiteTeam "Wessex C"]
[BlackTeam "All Anands on Deck"]

1. d4 Nf6 2. c4 c5 3. d5 e6 4. Nc3 exd5 5. cxd5 d6 6. Nf3 g6 7. g3 Bg7 8. Bg2
O-O 9. O-O Na6 10. Nd2 Nc7 11. a4 b6 12. Nc4 Nfe8 13. Bf4 Ba6 14. Qb3 Bxc4 15.
Qxc4 a6 16. Rfe1 Nf6 17. Bf3 Qd7 18. e4 b5 19. axb5 axb5 20. Qe2 b4 21. Rxa8
Rxa8 22. Nd1 Nb5 23. e5 Nd4 24. Qd3 Re8 25. Bg2 dxe5 26. Rxe5 Rxe5 27. Bxe5
Nxd5 28. Bxg7 Kxg7 29. Nc3 bxc3 0-1

[Event "4NCL Division 4 South"]
[Site "Daventry, ENG"]
[Date "2019.05.06"]
[Round "11.114"]
[White "Jones, Tibor"]
[Black "Smith, Steven J"]
[Result "0-1"]
[WhiteElo "1866"]
[BlackElo "1634"]
[PlyCount "46"]
[EventDate "2019.05.06"]
[WhiteTeam "All Anands on Deck"]
[BlackTeam "Wessex C"]

1. d4 Nf6 2. Nf3 g6 3. Bg5 Bg7 4. Nbd2 d5 5. e3 O-O 6. Bd3 b6 7. O-O Ba6 8.
Bxa6 Nxa6 9. c4 c5 10. Qa4 Qc8 11. cxd5 Nxd5 12. Rac1 Qb7 13. Qa3 Rac8 14. Rfe1
h6 15. Bh4 Rfe8 16. Bg3 cxd4 17. exd4 Rxc1 18. Rxc1 Rc8 19. Re1 Nab4 20. Qb3 e6
21. Be5 Qa6 22. a3 Nd3 23. Ra1 Nc1 0-1

[Event "4NCL Division 4 South"]
[Site "Daventry, ENG"]
[Date "2019.05.06"]
[Round "11.115"]
[White "Deacon, Matthew"]
[Black "Napolitano, Domenico"]
[Result "0-1"]
[WhiteElo "1495"]
[BlackElo "1517"]
[PlyCount "22"]
[EventDate "2019.05.06"]
[WhiteTeam "Wessex C"]
[BlackTeam "All Anands on Deck"]

1. d4 d5 2. c4 dxc4 3. e4 b5 4. b3 cxb3 5. Bxb5+ c6 6. Bc4 Qa5+ 7. Bd2 b2 8.
Bxf7+ Kxf7 9. Qb3+ Qd5 10. exd5 bxa1=Q 11. dxc6+ Be6 0-1

[Event "4NCL Division 4 South"]
[Site "Daventry, ENG"]
[Date "2019.05.06"]
[Round "11.121"]
[White "Vachtfeidl, Petr"]
[Black "Taylor, Alex B"]
[Result "1-0"]
[WhiteElo "1841"]
[BlackElo "1870"]
[PlyCount "101"]
[EventDate "2019.05.06"]
[WhiteTeam "CSC 3"]
[BlackTeam "Shropshire 3"]

1. d4 Nf6 2. c4 g6 3. Nc3 Bg7 4. e4 d6 5. f3 O-O 6. Be3 Nc6 7. Nge2 e5 8. d5
Ne7 9. g4 Nd7 10. Ng3 f5 11. gxf5 gxf5 12. Nh5 f4 13. Nxg7 Kxg7 14. Bf2 Ng6 15.
Bh3 Nf6 16. Bxc8 Qxc8 17. Qd3 Rg8 18. O-O-O Kh8 19. Kb1 Rg7 20. c5 b6 21. cxd6
cxd6 22. Nb5 Ne8 23. Rc1 Qa6 24. Qc4 Rd8 25. Nxd6 Qxc4 26. Nxc4 Nf6 27. Na3
Rdg8 28. Rc6 Ne8 29. Rg1 Rd7 30. Nc4 Nc7 31. Rg5 Re8 32. h4 b5 33. Nd6 Red8 34.
h5 Nf8 35. Rxe5 h6 36. Nf5 Rf7 37. Bd4 Kh7 38. Rxh6+ Kg8 39. Rc6 Kh7 40. Re7
Rxe7 41. Nxe7 Rd7 42. Be5 Ne8 43. Nf5 Kg8 44. Bxf4 Rh7 45. Nh6+ Kh8 46. Be5+
Ng7 47. Rc8 Rxh6 48. Rxf8+ Kh7 49. Rf7 Rxh5 50. Rxg7+ Kh6 51. Bd4 1-0

[Event "4NCL Division 4 South"]
[Site "Daventry, ENG"]
[Date "2019.05.06"]
[Round "11.122"]
[White "Hinchcliffe, Gary"]
[Black "Saidmurodov, Shahjahon"]
[Result "1/2-1/2"]
[WhiteElo "1877"]
[BlackElo "1775"]
[PlyCount "71"]
[EventDate "2019.05.06"]
[WhiteTeam "Shropshire 3"]
[BlackTeam "CSC 3"]

1. d4 b6 2. Bf4 Bb7 3. Nf3 e6 4. e3 f5 5. Be2 Nf6 6. O-O Be7 7. h3 O-O 8. c4 d6
9. Nc3 Ne4 10. Nd2 Nd7 11. Ndxe4 fxe4 12. Bg4 e5 13. dxe5 dxe5 14. Bg3 Bd6 15.
Be6+ Kh8 16. Bxd7 Qxd7 17. Bxe5 Rae8 18. Bxd6 cxd6 19. Qg4 Qc6 20. Rad1 Rf6 21.
Qg3 Rg6 22. Qf4 Bc8 23. Kh1 Qxc4 24. Rg1 Qc6 25. Rd4 Rf6 26. Qh4 Bf5 27. Nd5
Rf7 28. Rgd1 h6 29. Nc3 Rf6 30. Nd5 Rfe6 31. Qf4 Bg6 32. Nc3 Rd8 33. Qg4 Rf6
34. Nd5 Bf5 35. Qg3 Re6 36. Qf4 1/2-1/2

[Event "4NCL Division 4 South"]
[Site "Daventry, ENG"]
[Date "2019.05.06"]
[Round "11.123"]
[White "John, Joshua"]
[Black "Ross, Stuart"]
[Result "1-0"]
[WhiteElo "1665"]
[BlackElo "1727"]
[PlyCount "69"]
[EventDate "2019.05.06"]
[WhiteTeam "CSC 3"]
[BlackTeam "Shropshire 3"]

1. d4 Nf6 2. c4 g6 3. f3 Bg7 4. e4 d6 5. Nc3 O-O 6. Be3 e5 7. d5 a5 8. c5 dxc5
9. Bxc5 Re8 10. Bb5 Bd7 11. Nge2 c6 12. dxc6 Bxc6 13. O-O Bf8 14. Be3 Bxb5 15.
Nxb5 Na6 16. Rc1 Rc8 17. Rxc8 Qxd1 18. Rxd1 Rxc8 19. Nec3 Kg7 20. Kf1 Bc5 21.
Ke2 Bxe3 22. Kxe3 Nb4 23. Rd2 Nc6 24. Nd6 Rc7 25. Nd5 Rd7 26. Nxf6 Kxf6 27.
Ne8+ Ke7 28. Rxd7+ Kxd7 29. Nf6+ Ke7 30. Nxh7 f6 31. g4 Kf7 32. g5 Nb4 33. Nxf6
Nxa2 34. Nd7 Ke6 35. Nc5+ 1-0

[Event "4NCL Division 4 South"]
[Site "Daventry, ENG"]
[Date "2019.05.06"]
[Round "11.124"]
[White "Tarr, Steve F"]
[Black "Cresswell, Mike J"]
[Result "1-0"]
[WhiteElo "1757"]
[BlackElo "1695"]
[PlyCount "121"]
[EventDate "2019.05.06"]
[WhiteTeam "Shropshire 3"]
[BlackTeam "CSC 3"]

1. d4 Nf6 2. Bf4 g6 3. Nc3 d6 4. e4 Bg7 5. Qd2 Nc6 6. O-O-O Bd7 7. Nf3 Qc8 8.
e5 Nh5 9. Bh6 dxe5 10. Bxg7 Nxg7 11. dxe5 Bg4 12. Bb5 Bxf3 13. gxf3 O-O 14. Nd5
Nf5 15. Qg5 Nxe5 16. Nxe7+ Nxe7 17. Qxe5 Nc6 18. Qf6 Qe6 19. Qxe6 fxe6 20. Bxc6
bxc6 21. Rhe1 Rxf3 22. Rxe6 Rxf2 23. h4 Rf7 24. Rg1 Kf8 25. Rxc6 Re8 26. Ra6 c5
27. Rc6 Re5 28. a4 Rf4 29. Rc7 Rxa4 30. Rf1+ Rf5 31. Rxf5+ gxf5 32. Rxc5 Rxh4
33. Rxf5+ Ke7 34. Ra5 Rh2 35. Rxa7+ Kd6 36. b4 h5 37. Rh7 h4 38. Rh6+ Kc7 39.
Kb2 h3 40. Kc3 Rh1 41. Kc4 h2 42. c3 Kb7 43. Kb5 Rc1 44. Rh7+ Kb8 45. Rxh2 Rxc3
46. Kb6 Rc8 47. b5 Rg8 48. Ka6 Rg3 49. Rh8+ Kc7 50. b6+ Kc6 51. Rc8+ Kd7 52.
Rc2 Ra3+ 53. Kb7 Kd6 54. Kb8 Rh3 55. b7 Kd7 56. Rc4 Rh2 57. Ka7 Ra2+ 58. Kb8
Rh2 59. Ra4 Kc6 60. Ka8 Kb5 61. b8=Q+ 1-0

[Event "4NCL Division 4 South"]
[Site "Daventry, ENG"]
[Date "2019.05.06"]
[Round "11.125"]
[White "Grey, Nicholas D"]
[Black "Love, Phil"]
[Result "1-0"]
[WhiteElo "1694"]
[BlackElo "1427"]
[PlyCount "65"]
[EventDate "2019.05.06"]
[WhiteTeam "CSC 3"]
[BlackTeam "Shropshire 3"]

1. e4 c6 2. d4 d5 3. exd5 cxd5 4. c4 Nf6 5. Nc3 Bf5 6. Nf3 e6 7. Bg5 Bb4 8. a3
Bxc3+ 9. bxc3 O-O 10. Ne5 Nbd7 11. cxd5 exd5 12. Be2 Rc8 13. Qb3 Nb6 14. O-O
Qd6 15. g4 Bg6 16. f4 Be4 17. f5 Rc7 18. Bf4 Rcc8 19. Ng6 Qc6 20. Ne7+ Kh8 21.
Nxc6 Rxc6 22. g5 Nfd7 23. Bb5 Rcc8 24. Bd6 Rfd8 25. Rf4 Nf8 26. Be7 g6 27. Rxe4
dxe4 28. Qxf7 Nd5 29. f6 Ne6 30. Qxe6 Nf4 31. Qe5 Rd5 32. f7+ Rxe5 33. Bf6# 1-0

[Event "4NCL Division 4 South"]
[Site "Daventry, ENG"]
[Date "2019.05.06"]
[Round "11.126"]
[White "Hilditch-Love, Daniel"]
[Black "Kan, Toby"]
[Result "0-1"]
[WhiteElo "1337"]
[BlackElo "1550"]
[PlyCount "84"]
[EventDate "2019.05.06"]
[WhiteTeam "Shropshire 3"]
[BlackTeam "CSC 3"]

1. Nf3 c5 2. c4 g6 3. g3 Bg7 4. Bg2 Nc6 5. O-O d6 6. Nc3 e6 7. e3 Nge7 8. d4
O-O 9. dxc5 dxc5 10. Bd2 b6 11. a3 Bb7 12. Qc2 Qc7 13. Rfd1 Rad8 14. Nb5 Qb8
15. Bc3 e5 16. Be1 a6 17. Nc3 Na5 18. b3 Nf5 19. e4 Nd4 20. Qa2 Naxb3 21. Rab1
Nxf3+ 22. Bxf3 Nd4 23. Bg2 Rd6 24. Nd5 Ba8 25. Ba5 Bxd5 26. exd5 Qc7 27. Bc3
Rb8 28. Bxd4 exd4 29. a4 Qd7 30. Re1 Bf6 31. a5 b5 32. cxb5 axb5 33. Rec1 Qc7
34. Rb3 c4 35. Ra3 Ra6 36. Be4 Be7 37. Rd3 Qa7 38. Rdd1 Rxa5 39. Qe2 d3 40. Qd2
Bc5 41. Kf1 Ra2 42. Qg5 Rxf2+ 0-1

[Event "4NCL Division 4 South"]
[Site "Daventry, ENG"]
[Date "2019.05.06"]
[Round "11.131"]
[White "Vaidya, Raghav"]
[Black "Rowan, Paul"]
[Result "0-1"]
[WhiteElo "1682"]
[BlackElo "2005"]
[PlyCount "97"]
[EventDate "2019.05.06"]
[WhiteTeam "Barnet Knights 2"]
[BlackTeam "Banbury Bulldogs"]

1. e4 c5 2. c3 Nf6 3. e5 Nd5 4. d4 cxd4 5. Nf3 d6 6. cxd4 Nc6 7. Bc4 Nb6 8. Bb5
dxe5 9. Nxe5 Bd7 10. Nxd7 Qxd7 11. Nc3 e6 12. O-O Be7 13. Qg4 O-O 14. Bxc6 bxc6
15. Bh6 Bf6 16. Rfd1 Rfd8 17. Ne4 Qe7 18. Nxf6+ Qxf6 19. Be3 Nd5 20. Qg3 Rd7
21. Rac1 Rc8 22. Bg5 Qg6 23. Rxc6 Rdc7 24. Rxc7 Rxc7 25. Rc1 Rxc1+ 26. Bxc1
Qxg3 27. hxg3 Nb4 28. Bd2 Nc6 29. Bc3 Kf8 30. Kf1 g6 31. Ke2 Ke7 32. Kd3 Kd6
33. Kc4 a6 34. b4 Na7 35. a4 Kc6 36. Bd2 Nc8 37. b5+ axb5+ 38. axb5+ Kb6 39.
Bb4 h5 40. Bc5+ Kc7 41. d5 e5 42. d6+ Nxd6+ 43. Bxd6+ Kxd6 44. b6 f5 45. b7 Kc7
46. Kd5 e4 47. Ke5 Kxb7 48. Kf6 h4 49. Kxg6 0-1

[Event "4NCL Division 4 South"]
[Site "Daventry, ENG"]
[Date "2019.05.06"]
[Round "11.132"]
[White "Jackson, Gary C"]
[Black "Stoica, Savas Marin"]
[Result "0-1"]
[WhiteElo "1795"]
[BlackElo "1637"]
[PlyCount "54"]
[EventDate "2019.05.06"]
[WhiteTeam "Banbury Bulldogs"]
[BlackTeam "Barnet Knights 2"]

1. e4 c5 2. Nf3 d6 3. d4 cxd4 4. Nxd4 Nf6 5. Nc3 a6 6. f3 e5 7. Nb3 Be6 8. Be3
Be7 9. Qd2 Nbd7 10. g4 b5 11. h4 b4 12. Ne2 Rc8 13. g5 Nh5 14. O-O-O a5 15. Kb1
a4 16. Nbc1 Nb6 17. Ng1 b3 18. cxb3 axb3 19. Bb5+ Kf8 20. a3 d5 21. exd5 Bf5+
22. Ka1 Nxd5 23. Bf2 Rc2 24. Qe1 Bxa3 25. Nd3 Bxb2+ 26. Nxb2 Qa8+ 27. Ba4 Qxa4+
0-1

[Event "4NCL Division 4 South"]
[Site "Daventry, ENG"]
[Date "2019.05.06"]
[Round "11.133"]
[White "Carter, Rebecca"]
[Black "Martin, Nick J"]
[Result "0-1"]
[WhiteElo "1610"]
[BlackElo "1802"]
[PlyCount "44"]
[EventDate "2019.05.06"]
[WhiteTeam "Barnet Knights 2"]
[BlackTeam "Banbury Bulldogs"]

1. c4 f5 2. Nf3 Nf6 3. Nc3 e6 4. g3 g6 5. Bg2 Bg7 6. d4 d6 7. O-O Qe7 8. Bg5
O-O 9. e4 h6 10. Bxf6 Bxf6 11. Re1 Qf7 12. e5 Bg7 13. Qb3 Nc6 14. Re3 f4 15.
Re4 fxg3 16. hxg3 dxe5 17. dxe5 g5 18. g4 b6 19. Re2 Bb7 20. Qc2 Nb4 21. Nxg5
hxg5 22. Qa4 Bxg2 0-1

[Event "4NCL Division 4 South"]
[Site "Daventry, ENG"]
[Date "2019.05.06"]
[Round "11.134"]
[White "Evans, Christopher J"]
[Black "Angelopoulos, Nicos"]
[Result "1-0"]
[WhiteElo "1730"]
[BlackElo "1607"]
[PlyCount "53"]
[EventDate "2019.05.06"]
[WhiteTeam "Banbury Bulldogs"]
[BlackTeam "Barnet Knights 2"]

1. e4 c6 2. d4 d5 3. e5 Bf5 4. g4 Bd7 5. Bd3 e6 6. Ne2 c5 7. c3 Nc6 8. Be3 cxd4
9. cxd4 Nb4 10. O-O Nxd3 11. Qxd3 Ne7 12. Nbc3 a6 13. a4 Ng6 14. Bd2 Be7 15. f4
Nh4 16. Ng3 Rb8 17. Rf2 b5 18. b3 bxa4 19. bxa4 a5 20. f5 f6 21. exf6 Bxf6 22.
fxe6 Bxe6 23. Bf4 Rb3 24. Re1 Kd7 25. Qa6 Re8 26. Qd6+ Kc8 27. Qc6+ 1-0

[Event "4NCL Division 4 South"]
[Site "Daventry, ENG"]
[Date "2019.05.06"]
[Round "11.135"]
[White "Sanfey, Gregor"]
[Black "Joian, Danut"]
[Result "0-1"]
[WhiteElo "1585"]
[BlackElo "1787"]
[PlyCount "62"]
[EventDate "2019.05.06"]
[WhiteTeam "Barnet Knights 2"]
[BlackTeam "Banbury Bulldogs"]

1. d4 Nf6 2. c4 g6 3. Nc3 d5 4. cxd5 Nxd5 5. e4 Nxc3 6. bxc3 Bg7 7. Bc4 O-O 8.
Ne2 c5 9. Be3 Qa5 10. O-O Nd7 11. Rb1 a6 12. Qb3 e6 13. Nf4 b5 14. Be2 e5 15.
Qd5 Nb6 16. Qxc5 exf4 17. Bxf4 Na4 18. Qc6 Nxc3 19. Rbe1 Nxe2+ 20. Rxe2 Bg4 21.
Rd2 Rac8 22. Qb7 Rc4 23. d5 Rxe4 24. Be3 Rxe3 25. Rc2 Re1 26. Rc1 Rxc1 27. Rxc1
Qd2 28. Qc6 Rc8 29. Qxc8+ Bxc8 30. Rxc8+ Bf8 31. h3 Qxd5 0-1

[Event "4NCL Division 4 South"]
[Site "Daventry, ENG"]
[Date "2019.05.06"]
[Round "11.136"]
[White "Rumsby, Stephen"]
[Black "Angelopoulos, Andreas"]
[Result "1/2-1/2"]
[WhiteElo "1605"]
[BlackElo "1562"]
[PlyCount "70"]
[EventDate "2019.05.06"]
[WhiteTeam "Banbury Bulldogs"]
[BlackTeam "Barnet Knights 2"]

1. e4 c6 2. d4 d5 3. Nd2 dxe4 4. Nxe4 Bf5 5. Ng3 Bg6 6. Nf3 Nf6 7. Bc4 e6 8.
O-O Bd6 9. Bg5 h6 10. Bh4 O-O 11. Ne5 Bh7 12. Nh5 Be7 13. c3 Nxh5 14. Bxe7 Qxe7
15. Qxh5 Nd7 16. f4 Nf6 17. Qe2 Rac8 18. Bd3 Bxd3 19. Nxd3 Qc7 20. f5 Rce8 21.
Qf3 b6 22. Ne5 c5 23. Ng4 Nxg4 24. Qxg4 exf5 25. Rxf5 cxd4 26. Qxd4 Rd8 27. Rd5
Rxd5 28. Qxd5 Rd8 29. Qf3 Qc5+ 30. Kh1 Qd5 31. Qxd5 Rxd5 32. b3 Kf8 33. Kg1 Rd2
34. h3 g6 35. Kh2 f6 1/2-1/2

[Event "4NCL Division 4 South"]
[Site "Daventry, ENG"]
[Date "2019.05.06"]
[Round "11.141"]
[White "Mead-Herbert, Bradley"]
[Black "Donaghay, Richard H"]
[Result "1/2-1/2"]
[WhiteElo "1585"]
[BlackElo "1803"]
[PlyCount "110"]
[EventDate "2019.05.06"]
[WhiteTeam "Watford 2"]
[BlackTeam "Iceni 3"]

1. e4 d6 2. d4 g6 3. Nc3 Bg7 4. Nf3 Nf6 5. Bc4 c6 6. Bb3 Qa5 7. Bd2 Qh5 8. Qe2
Bg4 9. O-O-O Nbd7 10. h3 Bxf3 11. gxf3 b5 12. Bf4 b4 13. Qc4 O-O 14. Qxb4 Qxf3
15. Be3 Nxe4 16. Nxe4 Qxe4 17. Qd2 d5 18. c3 Nb6 19. Bc2 Qe6 20. b3 a5 21. a4
Qd6 22. Kb2 Rfb8 23. Ka2 Ra7 24. Bf4 e5 25. Bg3 Re8 26. Rde1 Rae7 27. Re2 Qd7
28. h4 h5 29. Rhe1 e4 30. Bd1 Nc8 31. Qg5 Kh7 32. Bf4 Qg4 33. Qxg4 hxg4 34. Re3
f5 35. Rh1 Bh6 36. Bg5 Bxg5 37. hxg5+ Kg7 38. b4 Ra7 39. Ka3 Nb6 40. Bb3 Rea8
41. b5 cxb5 42. axb5 Rc8 43. Rc1 Rac7 44. Kb2 Rb8 45. Ka3 f4 46. Re2 Rxc3 47.
Rxc3 a4 48. Rc7+ Kg8 49. Ba2 e3 50. Rc5 exf2 51. Rxf2 Rf8 52. Bxd5+ Nxd5 53.
Rxd5 g3 54. Rb2 f3 55. Rc5 f2 1/2-1/2

[Event "4NCL Division 4 South"]
[Site "Daventry, ENG"]
[Date "2019.05.06"]
[Round "11.142"]
[White "Lovell, Steve"]
[Black "Vig, Sanjay"]
[Result "1-0"]
[WhiteElo "1795"]
[BlackElo "1540"]
[PlyCount "97"]
[EventDate "2019.05.06"]
[WhiteTeam "Iceni 3"]
[BlackTeam "Watford 2"]

1. e4 d5 2. d4 Nf6 3. e5 Nfd7 4. Bd3 c5 5. e6 Nf6 6. exf7+ Kxf7 7. c3 Nc6 8.
Bf4 cxd4 9. cxd4 Bg4 10. f3 Bd7 11. Ne2 Nb4 12. O-O a6 13. Nbc3 g6 14. Bb1 Bg7
15. Qd2 e6 16. Re1 Re8 17. a3 Nc6 18. Bg5 Na5 19. Nc1 Nc4 20. Qc2 Qb6 21. Nb3
e5 22. Bxf6 exd4 23. Rxe8 Rxe8 24. Nxd5 Qe6 25. Ba2 Qxd5 26. Bxg7 Kxg7 27. Nd2
b5 28. Bxc4 bxc4 29. Qxc4 Qxc4 30. Nxc4 Bb5 31. Nd6 Rd8 32. Nxb5 axb5 33. Kf2
Kf6 34. Ke2 d3+ 35. Kd2 Ke5 36. Re1+ Kd4 37. Re4+ Kc5 38. b4+ Kc6 39. Re3 Rd4
40. Rxd3 Kd5 41. f4 Ke4 42. Rxd4+ Kxd4 43. g3 Kc4 44. Ke3 Kd5 45. Kd3 h6 46. h3
Ke6 47. Ke4 h5 48. g4 Kf6 49. Kd5 1-0

[Event "4NCL Division 4 South"]
[Site "Daventry, ENG"]
[Date "2019.05.06"]
[Round "11.143"]
[White "Morrell, Sean"]
[Black "John, Adam"]
[Result "0-1"]
[WhiteElo "1487"]
[BlackElo "1645"]
[PlyCount "86"]
[EventDate "2019.05.06"]
[WhiteTeam "Watford 2"]
[BlackTeam "Iceni 3"]

1. e4 e6 2. d4 d5 3. e5 c5 4. c3 Nc6 5. Nf3 Bd7 6. Be2 Nge7 7. Nbd2 cxd4 8.
cxd4 Nc8 9. O-O Nb6 10. a4 a5 11. Nb3 Be7 12. Bd2 O-O 13. Ne1 Nc4 14. Bc3 Nb4
15. Nd2 Nb6 16. Bxb4 Bxb4 17. Nd3 Bxd2 18. Qxd2 Nxa4 19. b3 Nb6 20. Rxa5 Nc4
21. Rxa8 Nxd2 22. Rxd8 Rxd8 23. Rd1 Nxb3 24. Nc5 Nxc5 25. dxc5 Rc8 26. Rb1 Bc6
27. h3 Ra8 28. Rc1 f6 29. f4 fxe5 30. fxe5 Kf7 31. g4 Ra3 32. h4 Re3 33. Kf2
Rxe5 34. Bd3 d4 35. Bxh7 g6 36. h5 gxh5 37. gxh5 Rxh5 38. Bd3 Rh2+ 39. Kg3 Rg2+
40. Kf4 Kf6 41. Re1 e5+ 42. Rxe5 Rf2+ 43. Kg4 Kxe5 0-1

[Event "4NCL Division 4 South"]
[Site "Daventry, ENG"]
[Date "2019.05.06"]
[Round "11.144"]
[White "Carter, Dominic A"]
[Black "Ramesh, Karthik R"]
[Result "1-0"]
[WhiteElo "1617"]
[BlackElo "1322"]
[PlyCount "97"]
[EventDate "2019.05.06"]
[WhiteTeam "Iceni 3"]
[BlackTeam "Watford 2"]

1. d4 d5 2. c4 c6 3. g3 Nf6 4. Bg2 Bf5 5. Nc3 e6 6. c5 Be7 7. Nf3 O-O 8. O-O
Nbd7 9. Nh4 Bg4 10. h3 Bh5 11. Nf3 Qc7 12. Bf4 Qa5 13. a3 b6 14. b4 Qa6 15. Re1
Ne4 16. Nxe4 dxe4 17. Ng5 Bxg5 18. Bxg5 h6 19. Bf4 f5 20. Qb3 Rf6 21. e3 Be2
22. Rac1 Bb5 23. g4 Kh7 24. f3 Bd3 25. fxe4 fxe4 26. Bf1 Bb5 27. Bxb5 Qxb5 28.
Qc2 Qd3 29. Red1 Qxc2 30. Rxc2 Rg6 31. cxb6 axb6 32. Rxc6 Rxa3 33. Rd6 Ra6 34.
Rxd7 Ra2 35. Rb7 Ra6 36. b5 Ra2 37. Rxb6 e5 38. Rxg6 Kxg6 39. Bxe5 Re2 40. b6
Rb2 41. Bc7 Rb3 42. d5 Kf7 43. Kf2 Ke7 44. Rd4 Rb2+ 45. Kg3 Rb5 46. Rxe4+ Kd7
47. d6 g5 48. Re7+ Kc8 49. d7+ 1-0

[Event "4NCL Division 4 South"]
[Site "Daventry, ENG"]
[Date "2019.05.06"]
[Round "11.145"]
[White "Ball, Katie C"]
[Black "Rowles, Sarah"]
[Result "0-1"]
[WhiteElo "1300"]
[BlackElo "1456"]
[PlyCount "81"]
[EventDate "2019.05.06"]
[WhiteTeam "Watford 2"]
[BlackTeam "Iceni 3"]

1. d4 g6 2. Bf4 Bg7 3. e4 d6 4. Nc3 Nd7 5. Qd2 e5 6. dxe5 dxe5 7. Bg5 Ngf6 8.
O-O-O O-O 9. h4 h5 10. Be2 Qe8 11. Nd5 Nxd5 12. exd5 Nf6 13. d6 Ne4 14. Qe3
Nxd6 15. Bh6 Nf5 16. Qc3 Bxh6+ 17. Kb1 c6 18. g4 hxg4 19. Bxg4 Nd4 20. Bxc8
Rxc8 21. h5 Qe6 22. Nf3 Nxf3 23. Qxf3 Qf5 24. Qe2 Rce8 25. hxg6 Bg7 26. gxf7+
Qxf7 27. Rh2 e4 28. Rg1 Qf6 29. c3 Qd6 30. Rhg2 Re7 31. Rd1 Qe6 32. Re1 e3 33.
fxe3 Rd8 34. e4 b5 35. Rg4 b4 36. cxb4 Rd4 37. a3 Qb3 38. Rc1 Red7 39. Rg2 Rd1
40. e5 Rxc1+ 41. Kxc1 {According to both scoresheets black now played 41...
Qf4+ the game concluding 42 Kb1 Rd4 43 e6 Re4 44 Kc2 Rxe2 45 Rxe2 Qc4+ 46 Kd2
Qd4+ 47 Kc1 Bh6+ 48 Kc2 Qc4+ 49 Kd1 Qc1 mate} 0-1

[Event "4NCL Division 4 South"]
[Site "Daventry, ENG"]
[Date "2019.05.06"]
[Round "11.146"]
[White "John, Amy"]
[Black "Tharkabhushanam, Anirvin"]
[Result "1-0"]
[WhiteElo "1435"]
[BlackElo "1225"]
[PlyCount "83"]
[EventDate "2019.05.06"]
[WhiteTeam "Iceni 3"]
[BlackTeam "Watford 2"]

1. e4 c5 2. Nf3 d6 3. d4 cxd4 4. Nxd4 Nf6 5. Nc3 a6 6. Bg5 e5 7. Nf3 Be7 8. h3
O-O 9. Bd3 Nc6 10. O-O b5 11. a3 h6 12. Bxf6 Bxf6 13. Nd5 Bb7 14. c4 Re8 15.
cxb5 Na5 16. Qa4 Bxd5 17. exd5 e4 18. Bxe4 Bxb2 19. Rab1 axb5 20. Qxb5 Rxe4 21.
Qxb2 Nc4 22. Qc3 Re7 23. Qxc4 Rxa3 24. Ra1 Rxa1 25. Rxa1 Rc7 26. Qh4 g5 27.
Qxh6 f6 28. Qg6+ Rg7 29. Qf5 Rc7 30. Re1 Qc8 31. Qg6+ Kf8 32. Qxf6+ Kg8 33.
Qe6+ Qxe6 34. dxe6 Re7 35. Nd4 Kf8 36. Nf5 Re8 37. e7+ Kf7 38. Nxd6+ Kg8 39.
Nxe8 Kf7 40. Nd6+ Kg6 41. e8=Q+ Kf6 42. Qf7# 1-0

[Event "4NCL Division 4 South"]
[Site "Daventry, ENG"]
[Date "2019.05.06"]
[Round "11.151"]
[White "Carter, Gavin"]
[Black "Ogunshola, Ben"]
[Result "0-1"]
[WhiteElo "1452"]
[BlackElo "2193"]
[PlyCount "60"]
[EventDate "2019.05.06"]
[WhiteTeam "Barnet Knights 3"]
[BlackTeam "The Pitstop"]

1. c4 Nf6 2. Nc3 g6 3. d4 Bg7 4. e4 d6 5. Be2 O-O 6. g4 e5 7. Bg5 exd4 8. Nd5
c6 9. Nxf6+ Bxf6 10. Bxf6 Qxf6 11. h4 Na6 12. a3 Nc5 13. Qc2 Re8 14. f3 d3 15.
Bxd3 Qxb2 16. Rd1 Nxd3+ 17. Qxd3 Qg2 18. h5 Qxh1 19. Qe3 Bxg4 20. hxg6 hxg6 21.
Kd2 Bh5 22. Qf4 d5 23. cxd5 cxd5 24. e5 Qg2+ 25. Kd3 Rac8 26. Ne2 Bxf3 27. Rd2
Be4+ 28. Ke3 Rxe5 29. Qxe5 Qf3+ 30. Kd4 Rc4# 0-1

[Event "4NCL Division 4 South"]
[Site "Daventry, ENG"]
[Date "2019.05.06"]
[Round "11.152"]
[White "Froom, Oliver"]
[Black "Farahi-Far, Arman"]
[Result "1-0"]
[WhiteElo "1939"]
[BlackElo "1525"]
[PlyCount "43"]
[EventDate "2019.05.06"]
[WhiteTeam "The Pitstop"]
[BlackTeam "Barnet Knights 3"]

1. e4 c5 2. Nf3 Nc6 3. d3 g6 4. g3 Bg7 5. Bg2 Nf6 6. Nbd2 O-O 7. O-O d5 8. Re1
dxe4 9. dxe4 Re8 10. c3 Bg4 11. Qc2 Nd7 12. h3 Bxf3 13. Nxf3 Nde5 14. Nxe5 Nxe5
15. Rd1 Qa5 16. f4 Nc6 17. e5 Qc7 18. Be3 b6 19. b4 cxb4 20. cxb4 Rac8 21. Rac1
Red8 22. Bxc6 1-0

[Event "4NCL Division 4 South"]
[Site "Daventry, ENG"]
[Date "2019.05.06"]
[Round "11.153"]
[White "Sanfey, Peter"]
[Black "Homer, Neil S"]
[Result "0-1"]
[WhiteElo "1450"]
[BlackElo "1692"]
[PlyCount "62"]
[EventDate "2019.05.06"]
[WhiteTeam "Barnet Knights 3"]
[BlackTeam "The Pitstop"]

1. e4 c6 2. Nf3 d5 3. exd5 cxd5 4. d4 Nc6 5. c3 Nf6 6. Bd3 Bg4 7. h3 Bh5 8.
Nbd2 e6 9. O-O Bd6 10. Bb5 O-O 11. c4 Nxd4 12. Re1 Nxb5 13. cxb5 Qb6 14. Qe2
Rac8 15. Kf1 Rc2 16. Qd3 Bg6 17. Qb3 Rfc8 18. a4 Qc5 19. a5 Bh5 20. a6 b6 21.
Qe3 Qxb5+ 22. Kg1 Bxf3 23. Qxf3 Qb4 24. Qd3 Ne4 25. Rd1 Bf4 26. Nb3 Nxf2 27.
Qf1 Nxd1 28. Bxf4 Qxb3 29. Rxd1 Qxb2 30. Kh2 Rf2 31. Qg1 Rxf4 0-1